000 00516nam a22001697a 4500
005 20231108122127.0
008 231108b |||||||| |||| 00| 0 eng d
020 _a0702115673
041 _aEnglish
082 _a346.3 BUR
100 _aBurchell, JM
_lEnglish
245 _aThe Law of Defamation in South Africa /
_cJM Burchell
260 _aCape Town :
_bJuta and Company Ltd,
_c1985
300 _bxxxii, 359 pages ;
_c26 cm.
650 _aLegal practice
_bLaw
942 _cBK
_6ALISON_BN_VRIES
999 _c431
_d431